[Event "Morbihan-ch 1213"]
[Site "France"]
[Date "2013.04.13"]
[Round "7"]
[White "Raoul, Joel"]
[Black "Biderbost, Marc"]
[Result "1-0"]
[WhiteElo "1260"]
[BlackElo "1390"]
[PlyCount "119"]
[EventDate "2012.10.27"]
[EventType "swiss"]
[EventRounds "7"]
[EventCountry "FRA"]
[SourceTitle "EXT 2014"]
[Source "ChessBase"]
[SourceDate "2013.11.20"]
[SourceVersion "1"]
[SourceVersionDate "2013.11.20"]
[SourceQuality "1"]

1. d4 b6 2. e4 Bb7 3. e5 e6 4. Nf3 d6 5. Nc3 Nd7 6. Bf4 d5 7. Bg3 f5 8. a3 a6 9. Bd3 h6 10. Nh4 Ne7 11. Qh5+ g6 12. Nxg6 Rg8 13. Nxe7+ Kxe7 14. Bh4+ Rg5 15. Bxg5+ hxg5 16. Qxg5+ Ke8 17. Qg6+ Ke7 18. Be2 Qe8 19. Qg5+ Nf6 20. Qxf6+ Kd7 21. 0-0-0 Be7 22. Qh6 Qg8 23. g3 Bg5+ 24. Qxg5 Qxg5+ 25. Kb1 Rh8 26. h4 Qh6 27. Rd3 Kc8 28. f4 Rg8 29. Rh3 Kb8 30. h5 Ka7 31. Na2 Bc6 32. Nb4 Be8 33. Rc3 Rg7 34. Nxa6 c6 35. Nb4 Kb7 36. Ba6+ Kc7 37. Be2 Rh7 38. a4 Bxh5 39. Bxh5 Qg7 40. Nxc6 Kd7 41. Nb4 Qh8 42. g4 fxg4 43. Rh4 Rxh5 44. Rxg4 Rh4 45. Rcg3 Rxg4 46. Rxg4 Qh6 47. Nd3 Qh5 48. Rg7+ Ke8 49. b3 Qh1+ 50. Kb2 Qe4 51. Kc3 Kd8 52. Rb7 Kc8 53. Rxb6 Qh7 54. a5 Qc7+ 55. Nc5 Qa7 56. b4 Qh7 57. Rc6+ Kb8 58. Rb6+ Kc8 59. a6 Qh3+ 60. Nd3 1-0

[Event "Morbihan-ch 1213"]
[Site "France"]
[Date "2013.01.19"]
[Round "4"]
[White "Kerriou, Jean Rene"]
[Black "Raoul, Joel"]
[Result "1-0"]
[WhiteElo "1499"]
[BlackElo "1260"]
[PlyCount "89"]
[EventDate "2012.10.27"]
[EventType "swiss"]
[EventRounds "7"]
[EventCountry "FRA"]
[SourceTitle "EXT 2014"]
[Source "ChessBase"]
[SourceDate "2013.11.20"]
[SourceVersion "1"]
[SourceVersionDate "2013.11.20"]
[SourceQuality "1"]

1. c4 e5 2. Nc3 Nf6 3. g3 Nc6 4. Bg2 d6 5. Nf3 Be6 6. d3 Rb8 7. 0-0 Be7 8. a3 Qc8 9. e4 Nd4 10. Nxd4 Bh3 11. Nf5 Bxf5 12. exf5 c6 13. Re1 Qxf5 14. Be3 a6 15. Qf3 Qh5 16. Qxh5 Nxh5 17. Na4 0-0 18. Nb6 Rbd8 19. Re2 Nf6 20. Rae1 Nd7 21. b4 Nxb6 22. Bxb6 Rd7 23. d4 Bf6 24. dxe5 dxe5 25. Bc5 Rfd8 26. Bb6 Re8 27. f4 Rde7 28. Bc5 Rd7 29. fxe5 Rxe5 30. Rxe5 Bxe5 31. Rxe5 Rd1+ 32. Bf1 g6 33. Re7 Ra1 34. Rxb7 Rxa3 35. Rb6 a5 36. bxa5 Rxa5 37. Rxc6 Ra8 38. h4 Re8 39. Bb4 Re3 40. Kh2 Rb3 41. Rc8+ Kg7 42. Bf8+ Kf6 43. Rc6+ Kf5 44. Kh3 Rb1 45. Bd3+ 1-0

[Event "Morbihan-ch 1112"]
[Site "Morbihan"]
[Date "2012.02.11"]
[Round "5.21"]
[White "Biderbost, Marc"]
[Black "Raoul, Joel"]
[Result "0-1"]
[WhiteElo "1470"]
[BlackElo "1150"]
[PlyCount "52"]
[EventDate "2011.10.08"]
[EventType "swiss"]
[EventRounds "7"]
[EventCountry "FRA"]
[SourceTitle "EXT 2014"]
[Source "ChessBase"]
[SourceDate "2013.11.20"]
[SourceVersion "1"]
[SourceVersionDate "2013.11.20"]
[SourceQuality "1"]

1. d4 d5 2. Nf3 Nc6 3. c3 Nf6 4. Bf4 e6 5. Nbd2 h6 6. Qc2 Bd6 7. Ne5 Bxe5 8. Bxe5 Qe7 9. e3 0-0 10. Bd3 Nxe5 11. dxe5 Ne4 12. Nxe4 dxe4 13. Bxe4 c6 14. 0-0-0 Bd7 15. Rd2 Rfd8 16. f4 b6 17. g4 g6 18. f5 exf5 19. gxf5 Bxf5 20. Bxf5 Qxe5 21. Bxg6 Rxd2 22. Kxd2 Qd5+ 23. Bd3 Qxh1 24. Bh7+ Kh8 25. Qe4 Rd8+ 26. Kc2 Qd1# 0-1

[Event "Morbihan-ch 1112"]
[Site "Morbihan"]
[Date "2011.11.19"]
[Round "2.12"]
[White "Lages, Michel"]
[Black "Raoul, Joel"]
[Result "1-0"]
[WhiteElo "1943"]
[BlackElo "1499"]
[PlyCount "69"]
[EventDate "2011.10.08"]
[EventType "swiss"]
[EventRounds "7"]
[EventCountry "FRA"]
[SourceTitle "EXT 2014"]
[Source "ChessBase"]
[SourceDate "2013.11.20"]
[SourceVersion "1"]
[SourceVersionDate "2013.11.20"]
[SourceQuality "1"]

1. c4 c5 2. Nc3 e5 3. g3 Nf6 4. Bg2 d6 5. e3 Nc6 6. Nge2 Be7 7. 0-0 0-0 8. d4 Rb8 9. d5 Na5 10. b3 b6 11. f4 g6 12. Bd2 h5 13. e4 Kg7 14. fxe5 dxe5 15. Bg5 Nh7 16. Be3 Nb7 17. Qd2 Nd6 18. Kh1 Bg4 19. Bh6+ Kg8 20. Bxf8 Qxf8 21. h3 Bxe2 22. Qxe2 Qg7 23. a4 f6 24. Nb5 Nxb5 25. axb5 Rb7 26. h4 Bd6 27. Bh3 Kh8 28. Qf3 Rf7 29. Be6 Rf8 30. Ra2 Be7 31. Rxa7 f5 32. exf5 Qf6 33. Qe2 Bd6 34. Kg2 g5 35. Qxh5 1-0

[Event "Morbihan-ch 1011"]
[Site "Morbihan"]
[Date "2010.10.09"]
[Round "1.9"]
[White "Landais, Romain"]
[Black "Raoul, Joel"]
[Result "1-0"]
[WhiteElo "1867"]
[BlackElo "1499"]
[PlyCount "65"]
[EventDate "2010.10.09"]
[EventType "swiss"]
[EventRounds "7"]
[EventCountry "FRA"]
[SourceTitle "EXT 2014"]
[Source "ChessBase"]
[SourceDate "2013.11.20"]
[SourceVersion "1"]
[SourceVersionDate "2013.11.20"]
[SourceQuality "1"]

1. e4 e5 2. Nc3 Nf6 3. f4 d6 4. Nf3 Nc6 5. Bc4 Be6 6. Bxe6 fxe6 7. Ng5 Qd7 8. 0-0 h6 9. fxe5 dxe5 10. Rxf6 0-0-0 11. Rxf8 Rdxf8 12. Nf3 g5 13. h3 Qg7 14. Nh2 h5 15. d3 Qf6 16. Be3 b6 17. a4 a5 18. Nb5 Kb7 19. c3 g4 20. hxg4 hxg4 21. Qe1 Rfg8 22. b4 g3 23. Nf3 Qf7 24. Kf1 Rh1+ 25. Bg1 Qd7 26. Qe3 Rf8 27. bxa5 Nxa5 28. Ke2 c5 29. Nxe5 Qg7 30. Nf3 Ka6 31. d4 c4 32. d5 exd5 33. Qxb6# 1-0